The physical review (Record no. 12110)

MARC details
000 -LEADER
fixed length control field 00646nam a2200193Ia 4500
003 - CONTROL NUMBER IDENTIFIER
control field IN-BaIIA
008 - FIXED-LENGTH DATA ELEMENTS--GENERAL INFORMATION
fixed length control field 211028s9999 xx 000 0 eng d
020 ## - INTERNATIONAL STANDARD BOOK NUMBER
International Standard Book Number 1-56396-188-1
040 ## - CATALOGING SOURCE
Transcribing agency IIA Library
080 ## - UNIVERSAL DECIMAL CLASSIFICATION NUMBER
Universal Decimal Classification number 5(082)
Item number STR
245 #4 - TITLE STATEMENT
Title The physical review
Remainder of title the first hundred years, a selection of seminar papers and commentaries
Statement of responsibility, etc. edited by H. Henry Stroke
260 ## - PUBLICATION, DISTRIBUTION, ETC.
Place of publication, distribution, etc. New York
Name of publisher, distributor, etc. American Institute of Physics
Date of publication, distribution, etc. 1955
300 ## - PHYSICAL DESCRIPTION
Extent xix, 1266p
650 ## - SUBJECT ADDED ENTRY--TOPICAL TERM
Topical term or geographic name entry element Physical review
9 (RLIN) 21098
650 ## - SUBJECT ADDED ENTRY--TOPICAL TERM
Topical term or geographic name entry element Physics
9 (RLIN) 73
650 ## - SUBJECT ADDED ENTRY--TOPICAL TERM
Topical term or geographic name entry element Stroke,H. Henry
9 (RLIN) 21099
700 ## - ADDED ENTRY--PERSONAL NAME
Personal name Stroke, H. Henry., ed.
9 (RLIN) 21100
942 ## - ADDED ENTRY ELEMENTS (KOHA)
Koha item type Books
Holdings
Withdrawn status Lost status Damaged status Not for loan Home library Current library Shelving location Date acquired Cost, normal purchase price Total Checkouts Full call number Barcode Date last seen Cost, replacement price Price effective from Koha item type Purchase Price
        IIA Library-Bangalore IIA Library-Bangalore General Stacks 25/05/1997 3283.00   5(082)/ STR 13026 05/11/2021 3283.00 25/05/1997 Books Rs. 3283.00

Powered by Koha